01411nam a2200337 a 4500001001000000003000500010005001700015008004100032010001100073011001100084040000900095090001000104100003700114245012000151260004100271500006000312502008700372590004000459590004000499650003700539650003200576650004000608650003700648856007000685901000700755942001000762942000600772999001900778952013600797952014000933000112553CHAP20220329144312.0160616s2016 mx sm |||||||spa d a109014 a109986 cCHAP aTesis1 aEspinosa Guerrero, Edgar913091710aFlora arbórea de la Laguna Guadalupe, Putla Villa de Guerrero, Oaxacah[En línea]cpor Edgar Espinosa Guerrero. aChapingo, Méx. :bEl autor,c2016. aPara ver el contenido del material haga clic en la liga aTesis (Ing. en Restauración Forestal) -- UACH. División de Ciencias Forestales aE5765TAJb05c20160616lUCH01h0940 aE5765TAJb05c20160616lUCH01h094114aArbustosxIdentificación9672914aBotánica forestal.91467914aBotánicaxClasificación.91451614aFloresxIdentificación.941382 aFinding aiduhttp://10.13.5.2/tesis/sist112553.pdfzTeclea aquí aBK cTESIS n0 c109014d109014 00104054718TESISaBCbBCd2016-06-16fTESISl0oTesisp33724002522769r2019-12-31 00:00:00w2019-12-31yTESISzRecien adquirido 00102local4053708TESISaBCbBCcPA_TESISd2016-06-16fTESISl0oTesisp33724002522801r2019-12-31 00:00:00tc.2w2019-12-31yTESIS